Sports Quiz

Random Sports or Basketball Quiz

Morris County Basketball Tournament Quiz Stats

 Plays Quiz not verified by Sporcle

Score 0/40 Timer 07:00
0 Plays Today
Year School % Correct
1977West Morris
98.4%
1980West Morris
98.4%
2004West Morris
98.4%
1989Delbarton
91.9%
1990Delbarton
91.9%
1992Delbarton
91.9%
1994Delbarton
91.9%
2003Delbarton
91.9%
2006Delbarton
91.9%
1973Morristown
90.3%
1974Morristown
90.3%
1982Morristown
90.3%
1983Morristown
90.3%
1985Morristown
90.3%
1986Morristown
90.3%
2001Morristown
90.3%
2002Morristown
90.3%
1987Mendham
87.9%
1993Mendham
87.9%
1996Mendham
87.9%
Year School % Correct
1997Mendham
87.9%
2000Mendham
87.9%
2008Mendham
87.9%
2009Mendham
87.9%
1979Parsippany
83.9%
1998Parsippany
83.9%
1972Morris Knolls
81.5%
1975Morris Knolls
81.5%
1976Morris Knolls
81.5%
2007Chatham
81.5%
1970Mountain Lakes
78.2%
1984Parsippany Hills
62.1%
1991Parsippany Hills
62.1%
1999Parsippany Hills
62.1%
2005Parsippany Hills
62.1%
1988Pequannock
59.7%
1971Dover
51.6%
1978Morris Catholic
41.1%
1981Morris Catholic
41.1%
1995Kinnelon
33.1%

You're not logged in!

Compare scores with friends on all Sporcle quizzes.
OR
Log In

Show Comments

Extras

Top Quizzes Today


Score Distribution

Your Account Isn't Verified!

In order to create a playlist on Sporcle, you need to verify the email address you used during registration. Go to your Sporcle Settings to finish the process.

Report this User

Report this user for behavior that violates our Community Guidelines.

Details: